Every Song by Busted - Statistics

General Stats
  • This quiz has been taken 39 times
  • The average score is 23 of 55
Answer Stats
Album Song % Correct
Busted(2002) Year 3000
90%
Busted(2002) What I Go to School For
83%
A Present for Everyone(2003) 3AM
79%
A Present for Everyone(2003) Crashed the Wedding
76%
A Present for Everyone(Bonus)(2004) Thunderbirds
76%
A Present for Everyone(2003) Air Hostess
72%
A Present for Everyone(2003) Who's David
72%
Busted(2002) You Said No
72%
Busted(2002) Loser Kid
69%
A Present for Everyone(2003) Meet You There
69%
Busted(2002) Sleeping with the Light On
69%
A Present for Everyone(Bonus)(2003) Falling for You
62%
Busted(2002) Britney
59%
Night Driver(2016) Night Driver
59%
Busted(2002) Psycho Girl
55%
A Present for Everyone(2003) She Wants to Be Me
55%
A Present for Everyone(2003) Nerdy
52%
A Present for Everyone(2003) Can't Break Thru
45%
Night Driver(2016) New York
45%
Half Way There(2019) Nineties
45%
Half Way There(2019) What Happened to Your Band
45%
A Present for Everyone(2003) Why
45%
Half Way There(2019) Radio
41%
Night Driver(2016) Coming Home
38%
Night Driver(2016) Easy
38%
Busted(Bonus)(2002) Everything I Knew
38%
Night Driver(2016) On What You're On
38%
Greatest Hits 2.0(2023) Good One
34%
Night Driver(2016) Kids with Computers
34%
A Present for Everyone(Bonus)(2003) Loner in Love
34%
Busted(2002) Losing You
34%
Half Way There(2019) MIA
34%
A Present for Everyone(2003) Over Now
34%
Half Way There(2019) Reunion
34%
Half Way There(2019) Shipwrecked in Atlantis
34%
Busted(2002) Without You
34%
A Present for Everyone(2003) Better Than This
31%
A Present for Everyone(2003) Fake
31%
Night Driver(2016) One of a Kind
31%
A Present for Everyone(2003) That Thing You Do
31%
Night Driver(2016) Those Days Are Gone
31%
Busted(2002) All the Way
28%
Half Way There(2019) It Happens
28%
Night Driver(2016) I Will Break Your Heart
28%
Night Driver(2016) Out of Our Minds
28%
Half Way There(2019) All My Friends
24%
Half Way There(2019) Nostalgia
24%
Half Way There(2019) Race to Mars
24%
Night Driver(2016) Thinking of You
24%
Busted(Bonus)(2002) When Day Turns into Night
24%
Night Driver(2016) Without It
21%
Night Driver(Bonus)(2016) Beautiful Mess
3%
Busted(2002) Dawsons’s Geek
0%
Busted(Bonus)(2002) Extra Exceedingly Fitness
0%
Night Driver(Bonus)(2016) Wrong Somebody
0%
No matching quizzes found
Score Distribution
Percent of People with Each Score
Percentile by Number Answered
Your Score History
You have not taken this quiz